| 000 | 00518nam a2200181Ia 4500 | ||
|---|---|---|---|
| 005 | 20250508160748.0 | ||
| 008 | 008 250505s9999 xx 000 0 eng d | ||
| 037 | _aTextual | ||
| 040 |
_aFEDL _beng _cFEDL |
||
| 041 |
_aeng _2eng |
||
| 084 |
_a540, MEY _qFEDL |
||
| 100 |
_aMeyer H A _9769315 |
||
| 245 | 0 | _aHandbook of modern experiments fo high school chemistry | |
| 260 |
_aWest Nyack _bParker Publishing Company _c1972 |
||
| 300 | _a202p | ||
| 942 |
_cTEXL _h540, MEY |
||
| 999 |
_c1366469 _d1366469 |
||